[Event "Stare Mesto op"]
[Site "Stare Mesto"]
[Date "2023.08.10"]
[Round "6"]
[White "Beinhauer, Bernard"]
[Black "Trasak, Ondrej"]
[Result "0-1"]
[WhiteElo "1698"]
[BlackElo "1946"]
[PlyCount "74"]
[EventDate "2023.08.05"]
[EventType "swiss"]
[EventRounds "9"]
[EventCountry "CZE"]
[SourceTitle "EXT 2024"]
[Source "ChessBase"]
[SourceDate "2023.10.10"]
[SourceVersion "1"]
[SourceVersionDate "2023.10.10"]
[SourceQuality "1"]

1. g3 d5 2. Bg2 Nf6 3. d3 c6 4. Nf3 Bf5 5. 0-0 h6 6. c4 e6 7. Qb3 Qb6 8. Be3 Qxb3 9. axb3 a6 10. Nd4 Bh7 11. Nc2 Nbd7 12. Rc1 Rd8 13. h3 Be7 14. b4 dxc4 15. dxc4 Bxc2 16. Rxc2 Bxb4 17. Nc3 Bc5 18. Bd2 0-0 19. Na2 Ne5 20. b4 Ba7 21. c5 Bb8 22. Bc3 Nd5 23. Bb2 Rd7 24. e4 Ne7 25. f4 Nd3 26. Bc3 Rfd8 27. Kf1 g5 28. fxg5 hxg5 29. Bf6 Be5 30. Bxe5 Nxe5 31. Nc3 Rd3 32. Kf2 R8d4 33. Rb1 N7g6 34. Rbb2 Nc4 35. Ne2 Nxb2 36. Nxd4 Nd1+ 37. Ke2 Rxd4 0-1

[Event "Stare Mesto op"]
[Site "Stare Mesto"]
[Date "2023.08.07"]
[Round "3"]
[White "Trasak, Ondrej"]
[Black "Bazantova, Marie"]
[Result "1/2-1/2"]
[WhiteElo "1946"]
[BlackElo "1788"]
[PlyCount "44"]
[EventDate "2023.08.05"]
[EventType "swiss"]
[EventRounds "9"]
[EventCountry "CZE"]
[SourceTitle "EXT 2024"]
[Source "ChessBase"]
[SourceDate "2023.10.10"]
[SourceVersion "1"]
[SourceVersionDate "2023.10.10"]
[SourceQuality "1"]

1. d4 Nf6 2. Nf3 g6 3. g3 Bg7 4. Bg2 0-0 5. 0-0 d6 6. b3 c5 7. Bb2 Nc6 8. d5 Nb4 9. c4 Rb8 10. a3 Na6 11. Re1 Bf5 12. Nfd2 b5 13. cxb5 Rxb5 14. e4 Bg4 15. f3 Bc8 16. Nc3 Rb8 17. Bf1 Nc7 18. Nc4 Nfe8 19. f4 e6 20. Rb1 Bb7 21. Bg2 exd5 22. exd5 Bd4+ 1/2-1/2

[Event "Pardubice Region-chT 2223"]
[Site "Czech Republic"]
[Date "2022.12.11"]
[Round "5.6"]
[White "Trasak, Ondrej"]
[Black "Velesik, Marian"]
[Result "1-0"]
[WhiteElo "1935"]
[BlackElo "1637"]
[PlyCount "63"]
[EventDate "2022.10.09"]
[EventType "team-tourn"]
[EventRounds "11"]
[EventCountry "CZE"]
[SourceTitle "EXT 2024"]
[Source "ChessBase"]
[SourceDate "2023.10.10"]
[SourceVersion "1"]
[SourceVersionDate "2023.10.10"]
[SourceQuality "1"]

1. d4 d5 2. Nf3 e6 3. g3 Nf6 4. Bg2 Bd6 5. 0-0 0-0 6. c4 c5 7. cxd5 Nxd5 8. dxc5 Bxc5 9. a3 Nc6 10. Qc2 Qb6 11. b4 Be7 12. e4 Nf6 13. Be3 Qb5 14. Nc3 Qh5 15. h3 a6 16. g4 Nxg4 17. hxg4 Qxg4 18. Nh2 Qg6 19. f4 f5 20. exf5 Rxf5 21. Kh1 Qh6 22. Bf3 Qh4 23. Qf2 Qh3 24. Bg4 Qh6 25. Bxf5 exf5 26. Nd5 Be6 27. Rad1 Bh4 28. Qg2 Rd8 29. Nc7 Bc4 30. Rxd8+ Bxd8 31. Rc1 Bd3 32. Qd5+ 1-0

[Event "Pardubice Region-chT 2223"]
[Site "Czech Republic"]
[Date "2022.11.13"]
[Round "3.6"]
[White "Trasak, Ondrej"]
[Black "Nemec, Bohumil"]
[Result "1/2-1/2"]
[WhiteElo "1935"]
[BlackElo "1762"]
[PlyCount "109"]
[EventDate "2022.10.09"]
[EventType "team-tourn"]
[EventRounds "11"]
[EventCountry "CZE"]
[SourceTitle "EXT 2024"]
[Source "ChessBase"]
[SourceDate "2023.10.10"]
[SourceVersion "1"]
[SourceVersionDate "2023.10.10"]
[SourceQuality "1"]

1. d4 d5 2. Nf3 Nf6 3. g3 Bf5 4. Bg2 e6 5. c4 c6 6. Nc3 Be7 7. Qb3 Qb6 8. c5 Qa6 9. Bf1 b5 10. a4 Ne4 11. Ne5 Qa5 12. Bg2 f6 13. Nd3 Nxc3 14. bxc3 0-0 15. 0-0 Nd7 16. Be3 a6 17. Ra2 Bxd3 18. exd3 Rab8 19. Bh3 f5 20. axb5 Qxb5 21. Qxb5 axb5 22. Ra7 Rfd8 23. Rfa1 Kf8 24. Bf4 Rbc8 25. Rb7 Ke8 26. Raa7 Bf6 27. Bc7 Ra8 28. Bxd8 Rxa7 29. Rxa7 Kxd8 30. Kf1 Kc8 31. Ke2 b4 32. cxb4 Bxd4 33. g4 g6 34. gxf5 gxf5 35. Bg2 Bc3 36. Ra4 Kb7 37. Kd1 Ne5 38. Kc2 Bd4 39. b5 Bxf2 40. d4 Nc4 41. bxc6+ Kb8 42. Kc3 Be1+ 43. Kb3 Na5+ 44. Kc2 Nxc6 45. Bf1 Bf2 46. Kd3 e5 47. dxe5 Nxe5+ 48. Kc2 Bxc5 49. Ra5 Nd7 50. Bh3 Bg1 51. Rxd5 Nb6 52. Rxf5 Bxh2 53. Rf8+ Kc7 54. Rf7+ Kd6 55. Rxh7 1/2-1/2

[Event "Pardubice op rapid 30th"]
[Site "Pardubice"]
[Date "2019.07.18"]
[Round "5"]
[White "Trasak, Ondrej"]
[Black "Hagemann, Sven"]
[Result "0-1"]
[WhiteElo "1978"]
[BlackElo "2014"]
[PlyCount "148"]
[EventDate "2019.07.17"]
[EventType "swiss (rapid)"]
[EventRounds "9"]
[EventCountry "CZE"]
[SourceTitle "CBM 191 Extra"]
[Source "ChessBase"]
[SourceDate "2019.09.30"]
[SourceVersion "1"]
[SourceVersionDate "2019.09.30"]
[SourceQuality "1"]

1. d4 Nf6 2. Bf4 d6 3. Nf3 g6 4. Nbd2 Bg7 5. e4 Nbd7 6. c3 Nh5 7. Bg5 c6 8. Bc4 h6 9. Be3 e5 10. 0-0 0-0 11. Re1 Kh7 12. dxe5 Nxe5 13. Nxe5 dxe5 14. Bc5 Rh8 15. Bxf7 b6 16. Be3 Rf8 17. Bb3 Nf4 18. Bxf4 Rxf4 19. Nf1 Qf8 20. Qe2 a5 21. Bc4 b5 22. Bd3 a4 23. a3 Be6 24. Rad1 Qc5 25. Qe3 Qe7 26. Ng3 h5 27. Bf1 Raf8 28. f3 Rb8 29. Qd2 Bf8 30. Kh1 Bb3 31. Rb1 Rf6 32. Qg5 Bh6 33. Qh4 Qf7 34. Ne2 Be3 35. Nc1 Bd2 36. Re2 Rxf3 37. gxf3 Qxf3+ 38. Bg2 Qf4 39. Qxf4 Bxf4 40. Nxb3 axb3 41. Rd1 Kh6 42. Rd6 c5 43. Bh3 Kg5 44. Bd7 b4 45. cxb4 cxb4 46. a4 Ra8 47. Rg2+ Kh4 48. Rgxg6 Ra5 49. Rd5 Ra7 50. Rc6 Rxa4 51. Rg6 Ra2 52. Rg2 Ra1+ 53. Rg1 Ra2 54. Rb1 Be3 55. Be6 Ra6 56. Bf7 Rf6 57. Rd7 Rf2 58. Bxb3 Bf4 59. Rf7 Rxh2+ 60. Kg1 Re2 61. Bd5 Kg3 62. Rg7+ Kf3 63. Rf1+ Ke3 64. b3 h4 65. Rh7 Bh2+ 66. Kh1 Bg3 67. Rhf7 Bf4 68. Rf5 Rd2 69. Re1+ Kf2 70. Rg1 Ke3 71. Rg4 h3 72. Kg1 h2+ 73. Kh1 Rd1+ 74. Kg2 h1Q# 0-1

[Event "Pobeskydy op"]
[Site "Frydek Mistek"]
[Date "2017.04.13"]
[Round "1"]
[White "Zemkova, Klara"]
[Black "Trasak, Ondrej"]
[Result "1/2-1/2"]
[WhiteElo "1792"]
[BlackElo "1998"]
[PlyCount "98"]
[EventDate "2017.04.13"]
[EventType "swiss"]
[EventRounds "9"]
[EventCountry "CZE"]
[SourceTitle "CBM 177 Extra"]
[Source "ChessBase"]
[SourceDate "2017.04.27"]
[SourceVersion "1"]
[SourceVersionDate "2017.04.27"]
[SourceQuality "1"]

1. e4 c6 2. Nc3 d5 3. Nf3 Bg4 4. h3 Bxf3 5. Qxf3 e6 6. e5 c5 7. Bb5+ Nd7 8. Ne2 a6 9. Bxd7+ Qxd7 10. d4 Ne7 11. 0-0 Nc6 12. c3 cxd4 13. cxd4 Be7 14. Bd2 0-0 15. Qg3 Kh8 16. f4 g6 17. a3 Rfc8 18. Rac1 Qd8 19. Qb3 b5 20. Rf3 Qb6 21. Rfc3 Kg7 22. Rd3 a5 23. Be3 a4 24. Qd1 Na5 25. Rxc8 Rxc8 26. Rc3 Rxc3 27. Nxc3 Qc6 28. Qd3 Nc4 29. Bc1 b4 30. axb4 Bxb4 31. Na2 Ba5 32. b3 axb3 33. Qxb3 Qb6 34. Qd3 Qa7 35. Nc3 Bxc3 36. Qxc3 Qa2 37. Kh2 Qf2 38. Qd3 h5 39. Qc3 Qe2 40. Qg3 Nd2 41. Bxd2 Qxd2 42. Qg5 Qxd4 43. Qf6+ Kg8 44. Qd8+ Kh7 45. Qf6 Qa7 46. g4 Qf2+ 47. Kh1 hxg4 48. Qxf7+ Kh6 49. Qf8+ Kh7 1/2-1/2

[Event "CZE-chT2D 0910"]
[Site "Czech Republic"]
[Date "2010.03.28"]
[Round "10.2"]
[White "Trasak, Ondrej"]
[Black "Mojzis, Jaroslav"]
[Result "0-1"]
[WhiteElo "2051"]
[BlackElo "2266"]
[PlyCount "38"]
[EventDate "2009.10.18"]
[EventType "team-tourn"]
[EventRounds "11"]
[EventCountry "CZE"]
[SourceTitle "EXT 2012"]
[Source "ChessBase"]
[SourceDate "2011.11.24"]
[SourceVersion "1"]
[SourceVersionDate "2011.11.24"]
[SourceQuality "1"]
[WhiteTeam "Pardubice Bohemia"]
[BlackTeam "Polabiny II"]
[WhiteTeamCountry "CZE"]
[BlackTeamCountry "CZE"]

1. e4 c5 2. Nf3 Nf6 3. e5 Nd5 4. c3 e6 5. d4 cxd4 6. cxd4 b6 7. Bg5 Be7 8. Bxe7 Qxe7 9. a3 0-0 10. Nbd2 f6 11. Ne4 fxe5 12. dxe5 Nc6 13. Bb5 Rb8 14. 0-0 Bb7 15. Re1 Rf4 16. Qe2 Rbf8 17. Nd6 Rxf3 18. gxf3 Nd4 19. Qe4 Nf4 0-1

[Event "CZE-chT2D 0910"]
[Site "Czech Republic"]
[Date "2010.02.14"]
[Round "7.3"]
[White "Trasak, Ondrej"]
[Black "Tajovsky, Martin"]
[Result "1/2-1/2"]
[WhiteElo "2051"]
[BlackElo "2188"]
[PlyCount "136"]
[EventDate "2009.10.18"]
[EventType "team-tourn"]
[EventRounds "11"]
[EventCountry "CZE"]
[SourceTitle "EXT 2012"]
[Source "ChessBase"]
[SourceDate "2011.11.24"]
[SourceVersion "1"]
[SourceVersionDate "2011.11.24"]
[SourceQuality "1"]
[WhiteTeam "Pardubice Bohemia"]
[BlackTeam "Brno Duras II"]
[WhiteTeamCountry "CZE"]
[BlackTeamCountry "CZE"]

1. e4 c5 2. Nf3 Nc6 3. Bb5 g6 4. 0-0 Bg7 5. Re1 Nf6 6. c3 0-0 7. d4 cxd4 8. cxd4 d5 9. e5 Ne4 10. Nc3 Nxc3 11. bxc3 Qa5 12. Qb3 Bg4 13. Ba3 Rfe8 14. Be2 Rab8 15. h3 Bf5 16. Nh4 Be6 17. Bd3 Bh6 18. Re2 b5 19. Rb1 Qc7 20. Qc2 Rec8 21. Bc5 a6 22. Nf3 Na5 23. Bb4 Nb7 24. Rb3 Kf8 25. Ne1 Nd8 26. Bc5 Bd7 27. Qb2 Ne6 28. Ba3 a5 29. Bxb5 Bxb5 30. Rxb5 Rxb5 31. Qxb5 Qxc3 32. Qd7 Re8 33. Bb2 Qc4 34. Rc2 Qb4 35. Nd3 Qb6 36. Qxd5 Rd8 37. Qc6 Qxc6 38. Rxc6 Nxd4 39. Bxd4 Rxd4 40. Rc8+ Kg7 41. Rc3 Ra4 42. a3 Rd4 43. Nb2 Rd5 44. e6 fxe6 45. Rc6 Bf4 46. g3 Bd6 47. Nc4 Kf6 48. Ra6 Bc7 49. Rc6 Bd6 50. Ra6 h5 51. Rxa5 Rxa5 52. Nxa5 Bxa3 53. Kg2 Kf5 54. Nc4 Bc1 55. Kf3 Bh6 56. g4+ Kg5 57. Kg3 Kf6 58. Kf3 e5 59. h4 hxg4+ 60. Kxg4 e4 61. h5 gxh5+ 62. Kxh5 Bc1 63. Kg4 Ke6 64. Ne3 Bxe3 65. fxe3 Kd5 66. Kf5 e5 67. Kf6 Kd6 68. Kf5 Kd5 1/2-1/2

[Event "CZE-chT2V 0203"]
[Site "Czech Republic"]
[Date "2002.??.??"]
[Round "8"]
[White "Kos, Pawel"]
[Black "Trasak, Ondrej"]
[Result "1-0"]
[WhiteElo "1785"]
[BlackElo "1981"]
[PlyCount "61"]
[EventDate "2002.10.??"]
[EventType "team"]
[EventRounds "11"]
[EventCountry "CZE"]
[SourceTitle "EXT 2007"]
[Source "ChessBase"]
[SourceDate "2006.11.23"]
[SourceVersion "1"]
[SourceVersionDate "2006.11.23"]
[SourceQuality "1"]
[WhiteTeam "Horice"]
[BlackTeam "AVE Kontakt"]
[WhiteTeamCountry "CZE"]
[BlackTeamCountry "CZE"]

1. e4 c6 2. d4 d5 3. Nd2 dxe4 4. Nxe4 Bf5 5. Ng3 Bg6 6. Nf3 Nd7 7. Bd3 Ngf6 8. 0-0 e6 9. Re1 Qc7 10. c4 0-0-0 11. Be3 Ng4 12. Bf1 Nxe3 13. Rxe3 Bd6 14. Qa4 a6 15. c5 Nxc5 16. dxc5 Bxc5 17. Rc3 Qb6 18. Rac1 Bxf2+ 19. Kh1 Rd6 20. Ne4 Bxe4 21. Qxe4 h5 22. b4 h4 23. a4 h3 24. g3 Rhd8 25. b5 axb5 26. axb5 c5 27. R3c2 Bd4 28. Nxd4 Rxd4 29. Rxc5+ Kb8 30. Qxd4 Rxd4 31. Rc8+ 1-0

[Event "CZE-chTV 0001"]
[Site "Czech Republic"]
[Date "2001.??.??"]
[Round "8"]
[White "Beranek, Michael"]
[Black "Trasak, Ondrej"]
[Result "1/2-1/2"]
[WhiteElo "1695"]
[BlackElo "2010"]
[PlyCount "83"]
[EventDate "2000.??.??"]
[EventType "team"]
[EventRounds "11"]
[EventCountry "CZE"]
[SourceTitle "EXT 2003"]
[Source "ChessBase"]
[SourceDate "2002.11.25"]
[SourceVersion "1"]
[SourceVersionDate "2002.11.25"]
[SourceQuality "1"]

1. e4 c6 2. d4 d5 3. Nc3 dxe4 4. Nxe4 Bf5 5. Ng3 Bg6 6. h4 h6 7. h5 Bh7 8. Nf3 Nd7 9. Bd3 Bxd3 10. Qxd3 Ngf6 11. 0-0 Qc7 12. Re1 0-0-0 13. Qe2 e6 14. Ne5 Nxe5 15. dxe5 Nd7 16. a4 Bc5 17. c3 a5 18. Bf4 g5 19. hxg6 fxg6 20. Ne4 Rdf8 21. Nxc5 Nxc5 22. Qc4 Nd7 23. Bg3 Re8 24. b4 Nb6 25. Qc5 axb4 26. cxb4 Nd5 27. a5 Kb8 28. Rec1 Qe7 29. Qc4 Qxb4 30. Qxb4 Nxb4 31. Rab1 Nd5 32. Rxc6 Ka8 33. Rd6 Rh7 34. f3 Rc7 35. Bf2 Rc6 36. Rd7 Rc7 37. Rxc7 Nxc7 38. Rb6 Kb8 39. Rd6 Kc8 40. Bb6 Nd5 41. Bc5 Nc7 42. Be3 1/2-1/2

[Event "Chrudim"]
[Site "Chrudim"]
[Date "1993.??.??"]
[Round "5"]
[White "Hlavnicka, Jiri"]
[Black "Trasak, Ondrej"]
[Result "1-0"]
[WhiteElo "2225"]
[BlackElo "1880"]
[PlyCount "105"]
[EventDate "1993.??.??"]
[EventType "tourn"]
[EventRounds "11"]
[EventCountry "CZE"]
[SourceTitle "EXT 2006"]
[Source "ChessBase"]
[SourceDate "2005.11.24"]
[SourceVersion "1"]
[SourceVersionDate "2005.11.24"]
[SourceQuality "1"]

1. e4 e5 2. Nf3 Nc6 3. Bb5 a6 4. Ba4 Nf6 5. d4 exd4 6. e5 Ne4 7. 0-0 Be7 8. Nxd4 Nxd4 9. Qxd4 Nc5 10. Rd1 0-0 11. Nc3 d6 12. Be3 Nxa4 13. Qxa4 Bd7 14. Qb3 Bc6 15. Nd5 Bxd5 16. Rxd5 Qc8 17. exd6 Bxd6 18. Rad1 b5 19. h3 Qe6 20. Bc5 Bxc5 21. Rxc5 Qxb3 22. axb3 Rfc8 23. Rd7 Ra7 24. Re5 g6 25. Ree7 Rf8 26. Rxc7 Rxc7 27. Rxc7 Rd8 28. Rc6 Rd1+ 29. Kh2 Rb1 30. Rxa6 Rxb2 31. Rc6 Kf8 32. Kg3 Ke7 33. Kf4 Kd7 34. Rc3 f6 35. Ke4 Rb1 36. Kd5 Rf1 37. Rf3 Rc1 38. c3 b4 39. cxb4 f5 40. b5 Rc2 41. h4 Rc1 42. Rf4 Rc3 43. Rb4 Rd3+ 44. Rd4 Rc3 45. b6 Rc6 46. Rb4 Rd6+ 47. Kc5 Rc6+ 48. Kb5 Rc2 49. Ka6 Ra2+ 50. Ra4 Rb2 51. b4 Rc2 52. b7 Rc6+ 53. Kb5 1-0